| 000 | nam a22 7a 4500 | ||
|---|---|---|---|
| 999 |
_c127908 _d127908 |
||
| 008 | 180412b xxu||||| |||| 00| 0 eng d | ||
| 050 |
_aBX350 _b.B311 |
||
| 100 |
_aStavronikita, Basile De _941449 |
||
| 245 |
_aChant D'entree _bvie liturgique et mystere de l'unite dans l'Eglise Orthodoxe _cBasile De. Stavronikita |
||
| 260 |
_aParis _bLabor et Fides _c1980 |
||
| 300 |
_a129p. ; _c21cm. |
||
| 440 |
_aPerspective orthodoxe _n2 _941450 |
||
| 650 |
_aOrthodox Eastern Church _xLiturgy _941451 |
||
| 942 |
_2lcc _cMONOGRAPH |
||